00289nam a2200109Ia 4500008004100000100002700041245003600068260003100104650002000135942000700155999001700162190216s9999||||xx |||||||||||||| ||und|| aAbdu R Rahman Abu Zayd 4aThe Enternal Message Of Mohamed bNewyork Academy Of Science aIslamic History cBK c22046d22046